00737cam a2200241 a 4500001000500000005001700005020002500022040003000047050001700077082001000094100002400104245008300128250003500211260003400246300004800280490001700328505000800345520003600353521002300389650002900412650002300441700003100464437920250807160150.0 a9780545017589 (pbk.) aBIBcBIBdOCLCQdDLCbeng00aPZ7.T3b200704a398.61 aThaler, Miked1936-10aSchool riddles from the Black Lagoon /cby Mike Thaler ; pictures by Jared Lee aFirst printing , November 2007 aNew York :bScholastic,c2007 a16 pages : bcolor illustrations ; c21 cm. aBlack Lagoon aH  aA collection of school riddles.2 a460 bLexile AD  0aSchoolsvJuvenile humor. 0aRiddles, Juvenile.1 aLee, Jared Deillustrator